LIBRARY & INFORMATION CENTRE, KCAET, TAVANUR

ONLINE PUBLIC ACCESS CATALOGUE (OPAC)

Modern constitution of work / (Record no. 11256)

MARC details
000 -LEADER
fixed length control field 00352cam a2200145ua 4500
041 ## - LANGUAGE CODE
Language code of text/sound track or separate title eng
082 ## - DEWEY DECIMAL CLASSIFICATION NUMBER
Classification number 342.02
Item number IND/MO
100 ## - MAIN ENTRY--AUTHOR NAME
Personal name Indra, D. Sharma .
245 ## - TITLE STATEMENT
Title Modern constitution of work /
260 ## - PUBLICATION, DISTRIBUTION, ETC. (IMPRINT)
Place of publication :
Name of publisher Asian pub house ,
Year of publication 1962.
300 ## - PHYSICAL DESCRIPTION
Number of Pages 552 ; .
942 ## - ADDED ENTRY ELEMENTS (KOHA)
Koha item type Books
Holdings
Withdrawn status Lost status Damaged status Home library Current library Date acquired Full call number Accession Number Koha item type
Withdrawn     KAUAET Malayalam University 22/11/2022 342.02 IND/MO 811 Books
Withdrawn     KAUAET Sanskrit University 07/04/2012 342.02 2591 Books
free website counter